Responses for Show #461 - Monday, September 15, 1986

Roger Storm game 2.

Contestants

[<< previous game]

Thomas Bernhard, a technical writer from Fremont, California

Kay Guesdon, a housewife from Sherman Oaks, California

Roger Storm, a teacher from Fairview Park, Ohio (whose 1-day cash winnings total $3,799)

[next game >>]

Jeopardy! Round responses

POLITICAL PARTIES
KIDDIE LIT
SHIPS
POP MUSIC
EQIUVALENCIES
DOUBLE TALK
    $100 3
Democrat

Roger
    $100 14
(Kay: Who was Peter?)

the hole in the dike

KayTom
    $100 5
pass in the night

Tom
    $100 25
boogie

Roger
    $100 8
Christmas trees

Roger
    $100 1
Bamm-Bamm

Roger
    $200 15
Greenback

Kay
    $200 16
grow up

Tom
    $200 10
Old Ironsides (USS Constitution)

Roger
    $200 26
(Tom: Who was Sheena?)

Sheila

Tom
Triple Stumper
    $200 9
ravioli

Kay
    $200 2
Bang Bang

Tom
    $300 17
Yippies

Tom
    $300 19
Willy Wonka

Roger
    $500 22
(Alex: We've got a minute to go in the round.)

the sloop John B

Kay
    $300 27
(Kay: Who were Adam & the Ants?)
[end-of-round signal sounds]

Adam Ant

Kay
    $300 11
limited (Ltd.)

Tom
    $300 4
Beep Beep

Kay
    $400 18
(Tom: What is the Republican party?)

Whig

RogerTom
    $400 20
pushmi-pullyu

Tom
    $400 23
Savannah

Roger
    $400 12
colonel

Roger
    $400 6
"Boola Boola"

Kay
    $500 21
(Alex: OK, the Gingerbread Boy.)

the Gingerbread Man

Kay
    $500 24
Britannia

Kay
    $500 13
(Roger: What is Japan?)
(Kay: What is Israel?)

Ireland

RogerKay
Triple Stumper
    $500 7
beri beri

Roger

Scores at the first commercial break (after clue 13):

Roger Kay Tom
$900 $400 $600

Scores at the end of the Jeopardy! Round:

Roger Kay Tom
$2,100 $2,300 $1,000

Double Jeopardy! Round responses

SHAKESPEARE
FORMER CAPITALS
TV NOSTALGIA
BUSINESS & INDUSTRY
RELIGION
"KING"s & "QUEEN"s
    $200 1
the stars

Roger
    $200 24
Rio de Janeiro

Tom
    $200 2
Milton Berle

Roger
    $200 20
Gillette

Roger
    $200 7
Jerry Falwell

Roger
    $200 12
Billie Jean King

Roger
    $400 17
(Roger: Who was Henry II?)
(Tom: Who was Richard III?)

Queen Elizabeth I

RogerTom
Triple Stumper
    $400 3
Petticoat Junction

Roger
    $400 21
Anheuser-Busch

Roger
    $400 8
icons

Roger
    $400 13
Marquis of Queensbury

Kay
    $600 18
(Roger: Who was Lear?)

Macbeth

Roger
Triple Stumper
    $1,000 4
77 Sunset Strip

Roger
    $600 22
(Alex: We've got a minute to go in the round.)

Curad

Tom
    $600 9
Sikhs

Roger
    $600 14
Martin Luther King

Tom
    $800 19
Cleopatra

Triple Stumper
    $800 5
(Tom: Who was Captain Video?)

Winky Dink

RogerTom
    $800 23
Amana

Roger
    $800 10
(Kay: Who was Roger Smith?)

George Washington

Kay
Triple Stumper
    $800 15
who wrote as Ellery Queen

Triple Stumper
    $1,000 25
(Tom: What is Timbuktu?)

Karachi or Rawalpindi

Tom
    $1000 6
the Dumont Network

Roger
    $1000 26
[end-of-round signal sounds]

Boeing

Kay
    $1000 11
the Hejira

Kay
    $1000 16
William Lyon Mackenzie King

Triple Stumper

Scores at the end of the Double Jeopardy! Round:

Roger Kay Tom
$7,500 $3,900 $200

[wagering suggestions for these scores]

Final Jeopardy! Round responses

FRUITS & VEGETABLES
(Alex: The record is 612 pounds.)
TomWhat is a squash?
$100
KayWhat is a watermelon?
$1,000
RogerWhat is a pumpkin?
$301
pumpkin

Final scores:

Roger Kay Tom
$7,801 $2,900 $100
2-day champion: $11,600 2nd place: Lane Action recliner & Stiffel table lamps 3rd place: KitchenAid portable dishwasher

Game dynamics:

Coryat scores:

Roger Kay Tom
$7,100 $3,700 $1,200
23 R
(including 1 DD),
3 W
11 R
(including 1 DD),
3 W
10 R,
5 W
(including 1 DD)

Combined Coryat: $12,000

[game clues] [game scores] [suggest correction]

Game tape date: 1986-08-06
The J! Archive is created by fans, for fans. Scraping, republication, monetization, and malicious use prohibited; this site may use cookies and collect identifying information. See terms. The Jeopardy! game show and all elements thereof, including but not limited to copyright and trademark thereto, are the property of Jeopardy Productions, Inc. and are protected under law. This website is not affiliated with, sponsored by, or operated by Jeopardy Productions, Inc. Join the discussion at JBoard.tv.